000 00369nam a2200133Ia 4500
008 220217s9999||||xx |||||||||||||| ||und||
020 _a81-7808-664-4
082 _a005.106 85 JAL
100 _aJalote, Pankaj
245 0 _aSoftware project management in practice
260 _aPearson education asia
_bDelhi
_c2003
300 _b195
650 _aSOFTWARE DESIGN
999 _c171324
_d171324